Normal view MARC view

Entry Personal Name

Number of records used in: 0

001 - CONTROL NUMBER

  • control field: 794331

003 - CONTROL NUMBER IDENTIFIER

  • control field:

005 - DATE AND TIME OF LATEST TRANSACTION

  • control field: 20210627055115.0

008 - FIXED-LENGTH DATA ELEMENTS

  • fixed length control field: 210627|| aca||aabn | a|a d

040 ## - CATALOGING SOURCE

  • Original cataloging agency:
  • Transcribing agency:

100 ## - HEADING--PERSONAL NAME

  • Personal name: Ijzerman, J. W.
  • Fuller form of name: (Jan Willem),
  • Dates associated with a name: 1851-1932

670 ## - SOURCE DATA FOUND

  • Source citation: Work cat.: ()665816: De eerste schipvaart der Nederlanders naar Oost-Indie onder Cornelis de Houtman, 1595-1597 :, 1915-1929
                                                                           
web counter

Copyright ©2020 The National Library of India, Govt. of India ↔ Hosted by NVLI, MOC ↔ Technology and Design by National Library of India, Ministry of Culture, Govt. of India